Normal view
MARC view
- Parker, Tim
Entry Personal Name
001 - CONTROL NUMBER
- control field: 76461
003 - CONTROL NUMBER IDENTIFIER
- control field: NUST
005 - DATE AND TIME OF LATEST TRANSACTION
- control field: 20210628205643.0
008 - FIXED-LENGTH DATA ELEMENTS
- fixed length control field: 210628|| aca||aabn | a|a d
040 ## - CATALOGING SOURCE
- Original cataloging agency: NUST
- Transcribing agency: NUST
100 ## - HEADING--PERSONAL NAME
- Personal name: Parker, Tim
670 ## - SOURCE DATA FOUND
- Source citation: Work cat.: (NUST): Parker, Tim, Unix survival guide teach yourself unix step-by-step tutorial to unix commands includes coverage of xenix open look and ultrix, 1990
